[Event "IECC CL4-2005.03 email"]
[Site "IECC email"]
[Date "2005.02.16"]
[Round "?"]
[White "Plinke, Robert Wayne"]
[Black "Ayata, Tayfun"]
[Result "1-0"]
[WhiteElo "1719"]
[BlackElo "1793"]
[PlyCount "81"]
[EventDate "2005.??.??"]
[EventType "tourn (corr)"]
[EventRounds "4"]
[SourceTitle "Corr 2015"]
[Source "ChessBase"]
[SourceDate "2015.07.17"]
[SourceVersion "1"]
[SourceVersionDate "2015.07.17"]
[SourceQuality "1"]

1. d4 d5 2. Nf3 c6 3. c4 dxc4 4. e3 b5 5. a4 e6 6. b3 Bb4+ 7. Bd2 Bxd2+ 8. Nfxd2 a5 9. axb5 cxb3 10. Qxb3 cxb5 11. Bxb5+ Bd7 12. Bxd7+ Qxd7 13. 0-0 Ne7 14. Nc4 0-0 15. Rxa5 Rxa5 16. Nxa5 Rc8 17. Nc4 Nbc6 18. Nbd2 Rb8 19. Qd3 Nd5 20. Ne4 Ndb4 21. Qc3 Qd5 22. Ned6 Rd8 23. Ra1 f5 24. Nb7 Rf8 25. Nc5 Rb8 26. f4 Kf7 27. Ne5+ Nxe5 28. fxe5 Nc6 29. Rf1 Kg8 30. Nd3 Qe4 31. Re1 Qd5 32. Nf4 Qd7 33. Rc1 Ne7 34. Qc7 Qxc7 35. Rxc7 Kf7 36. d5 exd5 37. Nxd5 Re8 38. Rb7 h5 39. Kf2 Kf8 40. Nxe7 Rxe7 41. Rxe7 1-0

[Event "IECC CL4-2005.03 email"]
[Site "IECC email"]
[Date "2005.02.16"]
[Round "?"]
[White "Plinke, Robert Wayne"]
[Black "Cade, Stephen"]
[Result "1/2-1/2"]
[WhiteElo "1723"]
[BlackElo "1697"]
[PlyCount "61"]
[EventDate "2005.??.??"]
[EventType "tourn (corr)"]
[EventRounds "4"]
[SourceTitle "Corr 2015"]
[Source "ChessBase"]
[SourceDate "2015.07.17"]
[SourceVersion "1"]
[SourceVersionDate "2015.07.17"]
[SourceQuality "1"]

1. d4 Nf6 2. Nf3 e6 3. Bg5 h6 4. Bh4 g5 5. Bg3 Ne4 6. Nbd2 Nxg3 7. hxg3 Bg7 8. c3 d6 9. e4 b6 10. Qc2 Bb7 11. Bd3 Qe7 12. 0-0-0 Nd7 13. Qa4 a6 14. Kb1 b5 15. Qa5 Nf6 16. Rhf1 c5 17. dxc5 dxc5 18. e5 Ng4 19. Be4 Nxe5 20. Qb6 Rb8 21. Bxb7 Rxb7 22. Qxa6 0-0 23. Nxe5 Bxe5 24. Nb3 Rfb8 25. Qc6 c4 26. Qc5 b4 27. Qxe5 cxb3 28. c4 bxa2+ 29. Ka1 b3 30. Rc1 f6 31. Qe4 1/2-1/2

[Event "IECC CL4-2005.01 email"]
[Site "IECC email"]
[Date "2005.01.12"]
[Round "?"]
[White "Manis, Jose"]
[Black "Plinke, Robert Wayne"]
[Result "1/2-1/2"]
[WhiteElo "1692"]
[BlackElo "1744"]
[PlyCount "66"]
[EventDate "2005.??.??"]
[EventType "tourn (corr)"]
[EventRounds "4"]
[SourceTitle "Corr 2015"]
[Source "ChessBase"]
[SourceDate "2015.07.17"]
[SourceVersion "1"]
[SourceVersionDate "2015.07.17"]
[SourceQuality "1"]

1. Nf3 d6 2. d4 Bg4 3. e4 Nf6 4. Nc3 e6 5. Be2 Be7 6. h3 Bh5 7. 0-0 0-0 8. d5 exd5 9. exd5 Nbd7 10. Re1 h6 11. Nd4 Bxe2 12. Qxe2 Re8 13. Bf4 Bf8 14. Qd3 Ne5 15. Qb5 Rb8 16. Qe2 c5 17. dxc6 bxc6 18. b3 c5 19. Nf3 Ng6 20. Qd2 Nxf4 21. Qxf4 Rxe1+ 22. Rxe1 d5 23. Ne5 Qa5 24. Nf3 Rd8 25. Na4 Bd6 26. Qf5 Qc7 27. Re2 Qd7 28. Qxd7 Rxd7 29. Nc3 Kf8 30. Ne5 Bxe5 31. Rxe5 Re7 32. Rxe7 Kxe7 33. Nb5 a6 1/2-1/2

[Event "IECG WC.2006.P.00006 email"]
[Site "IECG email"]
[Date "2003.01.22"]
[Round "?"]
[White "Balcazar Novoa, Luis Marcos"]
[Black "Plinke, Robert Wayne"]
[Result "1-0"]
[WhiteElo "2132"]
[BlackElo "1624"]
[PlyCount "69"]
[EventDate "2003.01.22"]
[EventType "tourn (corr)"]
[EventRounds "10"]
[SourceTitle "Corr 2008"]
[Source "ChessBase"]
[SourceDate "2008.06.24"]
[SourceVersion "1"]
[SourceVersionDate "2008.06.24"]
[SourceQuality "1"]

1. e4 d6 2. d4 Nf6 3. Nc3 c6 4. f4 Qb6 5. Nf3 Bg4 6. Be2 Nbd7 7. a4 Bxf3 8. Bxf3 e5 9. dxe5 dxe5 10. f5 Bb4 11. Qd3 0-0-0 12. Be3 Bc5 13. Bd2 Nb8 14. Qe2 Qxb2 15. Ra2 Qb6 16. a5 Qc7 17. Na4 Na6 18. Nxc5 Nxc5 19. Rb2 h5 20. a6 Nxa6 21. 0-0 Nc5 22. Ra1 Ncxe4 23. Bxe4 Nxe4 24. Be1 Nd6 25. Rxa7 Nb5 26. Ra8+ Kd7 27. Ra1 b6 28. Bg3 f6 29. Qc4 Rhe8 30. Bf2 Nd6 31. Qe2 c5 32. Rba2 Kc6 33. Ra7 Qb8 34. Bxc5 Kxc5 35. Qe3+ 1-0

[Event "IECG WC.2006.P.00006 email"]
[Site "IECG email"]
[Date "2003.01.22"]
[Round "?"]
[White "Dibley, Shane"]
[Black "Plinke, Robert Wayne"]
[Result "1-0"]
[WhiteElo "2102"]
[BlackElo "1624"]
[PlyCount "47"]
[EventDate "2003.01.22"]
[EventType "tourn (corr)"]
[EventRounds "10"]
[SourceTitle "Corr 2008"]
[Source "ChessBase"]
[SourceDate "2008.06.24"]
[SourceVersion "1"]
[SourceVersionDate "2008.06.24"]
[SourceQuality "1"]

1. e4 d6 2. d4 Nf6 3. Nc3 g6 4. f4 Bg7 5. Nf3 0-0 6. e5 dxe5 7. fxe5 Nd5 8. Bc4 Nb6 9. Bb3 Bg4 10. 0-0 Nc6 11. Be3 Na5 12. h3 Nbc4 13. Qe2 Nxe3 14. Qxe3 Nxb3 15. axb3 Bxf3 16. Rxf3 c6 17. Ne4 b6 18. b4 f6 19. Raf1 fxe5 20. dxe5 Qd5 21. Qe2 Rxf3 22. gxf3 Qd4+ 23. Kg2 Qxb4 24. f4 1-0

[Event "IECG WC.2006.P.00006 email"]
[Site "IECG email"]
[Date "2003.01.22"]
[Round "?"]
[White "Plinke, Robert Wayne"]
[Black "Bozilov, Novica"]
[Result "0-1"]
[WhiteElo "1624"]
[BlackElo "1784"]
[PlyCount "40"]
[EventDate "2003.01.22"]
[EventType "tourn (corr)"]
[EventRounds "10"]
[SourceTitle "Corr 2008"]
[Source "ChessBase"]
[SourceDate "2008.06.24"]
[SourceVersion "1"]
[SourceVersionDate "2008.06.24"]
[SourceQuality "1"]

1. d4 d5 2. Nf3 Nf6 3. Bg5 e6 4. e3 Nbd7 5. Nbd2 c5 6. c3 Qc7 7. Bd3 c4 8. Bc2 b5 9. 0-0 Bd6 10. Qe2 Bb7 11. e4 dxe4 12. Nxe4 Nxe4 13. Bxe4 Bxe4 14. Qxe4 0-0 15. Bh4 a6 16. Rfe1 Rac8 17. Rad1 Qc6 18. Qg4 Rfe8 19. d5 exd5 20. Qxd7 Qxd7 0-1

[Event "IECG WC.2006.P.00006 email"]
[Site "IECG email"]
[Date "2003.01.22"]
[Round "?"]
[White "Plinke, Robert Wayne"]
[Black "Seipel, Andreas"]
[Result "0-1"]
[WhiteElo "1624"]
[BlackElo "2304"]
[PlyCount "88"]
[EventDate "2003.01.22"]
[EventType "tourn (corr)"]
[EventRounds "10"]
[SourceTitle "Corr 2008"]
[Source "ChessBase"]
[SourceDate "2008.06.24"]
[SourceVersion "1"]
[SourceVersionDate "2008.06.24"]
[SourceQuality "1"]

1. d4 Nf6 2. Nf3 g6 3. c4 Bg7 4. Nc3 d6 5. e4 0-0 6. Be2 e5 7. 0-0 Na6 8. Be3 Ng4 9. Bg5 Qe8 10. dxe5 dxe5 11. h3 h6 12. Bd2 Nf6 13. Be3 Qe7 14. a3 c6 15. b4 Nh5 16. Re1 Rd8 17. Qc1 Kh7 18. Ra2 Nc7 19. Rd2 Rxd2 20. Qxd2 Ne6 21. c5 Nhf4 22. Qd6 Qxd6 23. cxd6 Nxe2+ 24. Rxe2 Bd7 25. Rd2 f5 26. Rd1 b6 27. exf5 gxf5 28. Ne2 Rd8 29. Nh4 f4 30. Bc1 Ng5 31. Kh2 Bc8 32. Nc3 Bf8 33. g4 Rxd6 34. Rxd6 Bxd6 35. f3 c5 36. Nb5 Be7 37. Nxa7 Bb7 38. Bd2 Bf6 39. Bc3 Ne6 40. Nf5 Nd4 41. Nd6 Bxf3 42. Nc4 e4 43. bxc5 bxc5 44. Nc8 e3 0-1

[Event "IECG WC.2006.P.00006 email"]
[Site "IECG email"]
[Date "2003.01.22"]
[Round "?"]
[White "Soule, Larry P"]
[Black "Plinke, Robert Wayne"]
[Result "1-0"]
[WhiteElo "1427"]
[BlackElo "1624"]
[PlyCount "71"]
[EventDate "2003.01.22"]
[EventType "tourn (corr)"]
[EventRounds "10"]
[SourceTitle "Corr 2008"]
[Source "ChessBase"]
[SourceDate "2008.06.24"]
[SourceVersion "1"]
[SourceVersionDate "2008.06.24"]
[SourceQuality "1"]

1. d4 d6 2. Nf3 Nf6 3. c4 g6 4. Nc3 Bf5 5. Qb3 Qc8 6. g3 Bg7 7. Bg2 Nc6 8. d5 Nd8 9. 0-0 0-0 10. Be3 Ne4 11. Nxe4 Bxe4 12. c5 e6 13. dxe6 Nxe6 14. cxd6 cxd6 15. Rac1 Qd8 16. Rfd1 Qe7 17. Qb4 Bc6 18. Rc2 Rfe8 19. Rcd2 d5 20. Qxe7 Rxe7 21. b3 a5 22. a4 f5 23. Kf1 Rae8 24. h4 f4 25. Bxf4 Nxf4 26. gxf4 Bf6 27. e3 Rd7 28. Ng5 d4 29. Bxc6 bxc6 30. Rc2 Rd6 31. Rd3 Rdd8 32. exd4 Rxd4 33. Rxd4 Bxd4 34. Rxc6 Rb8 35. Kg2 Bb6 36. f5 1-0

[Event "IECC CL4-2002.15"]
[Site "IECC email"]
[Date "2002.05.11"]
[Round "?"]
[White "Plinke, Robert Wayne"]
[Black "Field, Simon"]
[Result "1-0"]
[WhiteElo "1729"]
[BlackElo "1708"]
[PlyCount "143"]
[EventDate "2002.??.??"]
[EventType "tourn (corr)"]
[EventRounds "4"]
[SourceTitle "Corr 2008"]
[Source "ChessBase"]
[SourceDate "2008.06.24"]
[SourceVersion "1"]
[SourceVersionDate "2008.06.24"]
[SourceQuality "1"]

1. d4 d6 2. Nf3 Nf6 3. Bg5 Nbd7 4. Nbd2 g6 5. e4 Bg7 6. Bc4 0-0 7. c3 c6 8. Bb3 b5 9. 0-0 Ba6 10. Qe2 h6 11. Bxf6 Nxf6 12. a4 Qb6 13. axb5 Bxb5 14. c4 Ba6 15. e5 dxe5 16. Qxe5 Nd5 17. Qe4 e6 18. Rfe1 Nf6 19. Qc2 Rfd8 20. c5 Qb7 21. Bc4 Bxc4 22. Nxc4 Nd5 23. Nd6 Qe7 24. Ne5 Bxe5 25. dxe5 Rab8 26. Qd2 Rd7 27. Ra6 Qg5 28. Qxg5 hxg5 29. Re2 Nb4 30. Ra3 Rb5 31. Rc3 Ra5 32. h3 Ra1+ 33. Kh2 Kg7 34. Rd2 Nd5 35. Rg3 Rc1 36. Rxg5 Rxc5 37. Rg4 Kf8 38. Kg3 Nc7 39. Rh4 Rd5 40. Rh8+ Kg7 41. Rxd5 cxd5 42. Rc8 Na6 43. f4 f5 44. Kf3 Nb4 45. Ke3 Re7 46. g3 a6 47. Rb8 a5 48. Rb6 Rd7 49. Nb5 d4+ 50. Kd2 Kf7 51. Rd6 Rxd6 52. exd6 d3 53. Na3 Ke8 54. Nc4 Kd7 55. Kc3 Nd5+ 56. Kxd3 Nf6 57. Kd4 Ne4 58. g4 Nf2 59. gxf5 gxf5 60. h4 Ne4 61. Ke5 Nf2 62. h5 Ng4+ 63. Kd4 Nf6 64. h6 a4 65. Kc5 Ne4+ 66. Kb5 Nf6 67. Kxa4 Kc6 68. b4 Kd7 69. b5 Nh7 70. b6 Kc6 71. Ka5 Nf6 72. Ka6 1-0

[Event "IECG WC.2001.F.00004 email"]
[Site "IECG email"]
[Date "2001.12.15"]
[Round "?"]
[White "Bartsch, Christian"]
[Black "Plinke, Robert Wayne"]
[Result "1-0"]
[WhiteElo "1727"]
[BlackElo "1647"]
[PlyCount "89"]
[EventDate "2001.12.15"]
[EventType "tourn (corr)"]
[EventRounds "10"]
[SourceTitle "Corr 2008"]
[Source "ChessBase"]
[SourceDate "2008.06.24"]
[SourceVersion "1"]
[SourceVersionDate "2008.06.24"]
[SourceQuality "1"]

1. e4 d6 2. Nf3 Nf6 3. Nc3 Bg4 4. Bc4 Nc6 5. d4 e6 6. 0-0 Nxe4 7. Nxe4 d5 8. Bd3 Bxf3 9. Qxf3 Nxd4 10. Qd1 dxe4 11. Bxe4 c6 12. c3 Nb5 13. Qf3 Qc7 14. a4 Nd6 15. Bf4 0-0-0 16. a5 a6 17. Bd3 Be7 18. Rfd1 Bf6 19. Be3 c5 20. b4 cxb4 21. Bb6 Qe7 22. Rab1 Bxc3 23. Bxa6 Rd7 24. Qc6+ Kb8 25. Bxb7 Rxb7 26. Bc5 Be5 27. Bxb4 Rc8 28. Bxd6+ Bxd6 29. Rxb7+ Qxb7 30. Qxd6+ Ka8 31. h3 g6 32. a6 Qc7 33. Qa3 Ka7 34. Qe3+ Qc5 35. Rd7+ Ka8 36. Qf3+ Qc6 37. Qxf7 Qxa6 38. Qxh7 Qa1+ 39. Kh2 Qe5+ 40. g3 Qc5 41. Rd2 Qa5 42. Qd7 Qa6 43. Rd6 Qc4 44. Rxe6 Rf8 45. Re8+ 1-0

[Event "IECG WC.2001.F.00004 email"]
[Site "IECG email"]
[Date "2001.12.15"]
[Round "?"]
[White "Krabbenbos, Jan"]
[Black "Plinke, Robert Wayne"]
[Result "0-1"]
[WhiteElo "1573"]
[BlackElo "1647"]
[PlyCount "50"]
[EventDate "2001.12.15"]
[EventType "tourn (corr)"]
[EventRounds "10"]
[SourceTitle "Corr 2008"]
[Source "ChessBase"]
[SourceDate "2008.06.24"]
[SourceVersion "1"]
[SourceVersionDate "2008.06.24"]
[SourceQuality "1"]

1. Nc3 d5 2. e4 dxe4 3. Nxe4 Bf5 4. Ng3 Bg6 5. Nf3 Nd7 6. Bc4 e6 7. d4 Ngf6 8. 0-0 Be7 9. Bg5 0-0 10. c3 c5 11. Ne5 Nb6 12. dxc5 Nxc4 13. Nxc4 Bd3 14. b3 Bxf1 15. Qxf1 Qd5 16. Be3 Bxc5 17. Rd1 Qc6 18. Bc1 Ng4 19. Be3 Nxe3 20. fxe3 b5 21. b4 Be7 22. Ne5 Qxc3 23. Qxb5 Rfb8 24. Qd7 Qxe3+ 25. Kh1 Rd8 0-1

[Event "IECG WC.2001.F.00004 email"]
[Site "IECG email"]
[Date "2001.12.15"]
[Round "?"]
[White "Plinke, Robert Wayne"]
[Black "Meijer, Kees"]
[Result "1/2-1/2"]
[WhiteElo "1647"]
[BlackElo "1417"]
[PlyCount "89"]
[EventDate "2001.12.15"]
[EventType "tourn (corr)"]
[EventRounds "10"]
[SourceTitle "Corr 2008"]
[Source "ChessBase"]
[SourceDate "2008.06.24"]
[SourceVersion "1"]
[SourceVersionDate "2008.06.24"]
[SourceQuality "1"]

1. d4 Nf6 2. Nf3 e6 3. Bg5 c5 4. c3 d5 5. e3 Qb6 6. Qb3 c4 7. Qc2 Ne4 8. Bf4 Bd6 9. Bxd6 Nxd6 10. Be2 0-0 11. Nbd2 Qc7 12. 0-0 b5 13. b3 f6 14. a4 cxb3 15. Nxb3 bxa4 16. Nc5 Re8 17. Bd3 h6 18. Rxa4 Nd7 19. Bh7+ Kf8 20. Bg6 Nxc5 21. Bxe8 Nxa4 22. Bxa4 Ba6 23. Rc1 Rc8 24. Nd2 f5 25. f3 Nb5 26. Bxb5 Bxb5 27. Qb2 a6 28. f4 Rb8 29. Nf3 Bc4 30. Qa3+ Kg8 31. Ne5 Bb5 32. Rb1 Rc8 33. Rb3 Rd8 34. Qb2 Ra8 35. Qb1 Rc8 36. Ra3 Qe7 37. Qb2 Kh7 38. Qc1 g6 39. Rb3 Rc7 40. Qe1 Qg7 41. Rb2 Rc8 42. Rb1 Qe7 43. Rb3 Rc7 44. Rb4 Qe8 45. Qa1 1/2-1/2

[Event "IECC CL4-2001.34"]
[Site "IECC email"]
[Date "2001.11.06"]
[Round "?"]
[White "Plinke, Robert Wayne"]
[Black "Romero, Paul L"]
[Result "0-1"]
[WhiteElo "1719"]
[BlackElo "1545"]
[PlyCount "25"]
[EventDate "2001.??.??"]
[EventType "tourn (corr)"]
[EventRounds "4"]
[SourceTitle "Corr 2008"]
[Source "ChessBase"]
[SourceDate "2008.06.24"]
[SourceVersion "1"]
[SourceVersionDate "2008.06.24"]
[SourceQuality "1"]

1. d4 d5 2. Nf3 c5 3. dxc5 Qa5+ 4. Nbd2 Nf6 5. e3 Nc6 6. Be2 e5 7. 0-0 Qxc5 8. Nb3 Qb6 9. c4 Be6 10. Ng5 dxc4 11. Nd2 c3 12. Nc4 Qc7 13. Qd6 0-1

[Event "IECC KO email"]
[Site "IECC email"]
[Date "2001.03.27"]
[Round "?"]
[White "Plinke, Robert Wayne"]
[Black "Jobe, Tom B"]
[Result "0-1"]
[WhiteElo "1695"]
[BlackElo "1834"]
[PlyCount "120"]
[EventDate "2001.??.??"]
[EventType "tourn (corr)"]
[EventRounds "6"]
[SourceTitle "Corr 2008"]
[Source "ChessBase"]
[SourceDate "2008.06.24"]
[SourceVersion "1"]
[SourceVersionDate "2008.06.24"]
[SourceQuality "1"]

1. d4 Nf6 2. Nf3 g6 3. Bg5 Bg7 4. Nbd2 0-0 5. c3 d6 6. e4 c5 7. dxc5 dxc5 8. Bc4 Nc6 9. 0-0 Qc7 10. Qe2 Na5 11. Bxf6 Bxf6 12. Bd5 e6 13. Bb3 Nxb3 14. Nxb3 b6 15. Rfd1 Bb7 16. Nbd2 Rfd8 17. e5 Bg7 18. h3 Rd5 19. Nc4 Ba6 20. Qe4 Bxc4 21. Qxc4 Rad8 22. Rxd5 Rxd5 23. Qe4 c4 24. Re1 b5 25. Qe3 a5 26. Kf1 b4 27. Qe4 bxc3 28. bxc3 Bh6 29. g4 Rb5 30. Rb1 Rd5 31. Kg2 Bg7 32. Re1 a4 33. a3 h6 34. h4 Bf8 35. Nd4 Qd7 36. Nc2 Rd2 37. Nb4 Bc5 38. Re2 Rxe2 39. Qxe2 Bxb4 40. axb4 Qd5+ 41. f3 Qd3 42. Qb2 Qd1 43. Kf2 Kg7 44. g5 h5 45. Kg3 Qe1+ 46. Kg2 Qxe5 47. b5 a3 48. Qxa3 Qxb5 49. Qa2 Qd5 50. Qe2 e5 51. Kg3 f6 52. Qe3 fxg5 53. Qxg5 Qd6 54. Qe3 e4+ 55. Kg2 Qd3 56. Qa7+ Kh6 57. Qf7 Qxf3+ 58. Qxf3 exf3+ 59. Kxf3 g5 60. hxg5+ Kxg5 0-1

[Event "IECC CL4-2001.03"]
[Site "IECC email"]
[Date "2001.01.22"]
[Round "?"]
[White "Plinke, Robert Wayne"]
[Black "Persson, Sven Erik"]
[Result "1-0"]
[WhiteElo "1738"]
[BlackElo "1460"]
[PlyCount "123"]
[EventDate "2001.??.??"]
[EventType "tourn (corr)"]
[EventRounds "4"]
[SourceTitle "Corr 2008"]
[Source "ChessBase"]
[SourceDate "2008.06.24"]
[SourceVersion "1"]
[SourceVersionDate "2008.06.24"]
[SourceQuality "1"]

1. d4 Nf6 2. Nf3 g6 3. Bg5 Bg7 4. Nbd2 d6 5. e4 0-0 6. c3 c5 7. dxc5 dxc5 8. Bc4 Nc6 9. a4 Qc7 10. 0-0 h6 11. Bh4 Nh5 12. Qe2 Ne5 13. Nxe5 Bxe5 14. Bg3 Nxg3 15. fxg3 Bd7 16. Qe3 Bg7 17. Nb3 Rac8 18. Nc1 e6 19. Nd3 a6 20. e5 b5 21. axb5 axb5 22. Ba2 c4 23. Nb4 Qxe5 24. Qf2 Qc5 25. Rad1 Qxf2+ 26. Rxf2 Bc6 27. Nxc6 Rxc6 28. Rfd2 Rb8 29. Rd8+ Rxd8 30. Rxd8+ Kh7 31. Kf2 f5 32. Ke3 Ra6 33. Bb1 h5 34. Kd2 e5 35. Bc2 Bh6+ 36. Ke2 Ra2 37. Rd7+ Bg7 38. Kd2 Rxb2 39. Ra7 b4 40. cxb4 e4 41. Rb7 c3+ 42. Kd1 Kh6 43. b5 Bd4 44. Rb8 e3 45. Re8 Rxb5 46. Ke2 Rd5 47. Ra8 Bb6 48. Bd3 Kg5 49. Ra3 Rc5 50. Ra1 Kf6 51. Bc2 Ke5 52. Ra6 Rc6 53. Ra3 g5 54. Ra8 Rd6 55. Bd3 Bc5 56. Re8+ Kd5 57. Ra8 f4 58. gxf4 gxf4 59. Rf8 Rb6 60. Rf5+ Kc6 61. Be4+ Kc7 62. Rxc5+ 1-0

[Event "IECC CL3-2000.50"]
[Site "IECC email"]
[Date "2000.09.22"]
[Round "?"]
[White "Plinke, Robert Wayne"]
[Black "Sveinsson, Jon Arni"]
[Result "0-1"]
[WhiteElo "1804"]
[BlackElo "1946"]
[PlyCount "60"]
[EventDate "2000.??.??"]
[EventType "tourn (corr)"]
[EventRounds "4"]
[SourceTitle "Corr 2008"]
[Source "ChessBase"]
[SourceDate "2008.06.24"]
[SourceVersion "1"]
[SourceVersionDate "2008.06.24"]
[SourceQuality "1"]

1. d4 Nf6 2. Nf3 g6 3. Bg5 Bg7 4. Nbd2 d5 5. e3 Nbd7 6. Be2 0-0 7. 0-0 h6 8. Bh4 c5 9. c3 b6 10. b4 c4 11. a4 a5 12. Qc2 axb4 13. cxb4 Nh5 14. Qc3 g5 15. Bg3 Nxg3 16. hxg3 Re8 17. Bd1 e5 18. Bc2 g4 19. Nh2 Nf8 20. Rfd1 exd4 21. exd4 Qf6 22. Re1 Bd7 23. Qa3 Qxd4 24. Ndf1 Rxe1 25. Rxe1 Qc3 26. Qxc3 Bxc3 27. Rb1 d4 28. b5 h5 29. Bd1 Ne6 30. Rc1 Nc5 0-1

[Event "IECC CL3-2000.31"]
[Site "IECC email"]
[Date "2000.05.26"]
[Round "?"]
[White "Endean, Andrew"]
[Black "Plinke, Robert Wayne"]
[Result "1-0"]
[WhiteElo "1922"]
[BlackElo "1837"]
[PlyCount "49"]
[EventDate "2000.??.??"]
[EventType "tourn (corr)"]
[EventRounds "4"]
[SourceTitle "Corr 2008"]
[Source "ChessBase"]
[SourceDate "2008.06.24"]
[SourceVersion "1"]
[SourceVersionDate "2008.06.24"]
[SourceQuality "1"]

1. d4 d6 2. Nf3 Bg4 3. e4 Nf6 4. Nc3 e6 5. Be2 Be7 6. 0-0 0-0 7. Be3 Nbd7 8. h3 Bh5 9. Nd2 Bxe2 10. Nxe2 c5 11. c3 Qc7 12. Rc1 Rac8 13. b4 Qc6 14. a4 a6 15. f3 b5 16. axb5 axb5 17. bxc5 dxc5 18. Qc2 Nb6 19. Kh1 cxd4 20. Nxd4 Qd7 21. Rfd1 b4 22. c4 Na4 23. Nb5 Nc5 24. e5 Nd5 25. cxd5 1-0

[Event "IECC CL3-2000.31"]
[Site "IECC email"]
[Date "2000.05.26"]
[Round "?"]
[White "Plinke, Robert Wayne"]
[Black "Bass, Stanley"]
[Result "1/2-1/2"]
[WhiteElo "1825"]
[BlackElo "1884"]
[PlyCount "84"]
[EventDate "2000.??.??"]
[EventType "tourn (corr)"]
[EventRounds "4"]
[SourceTitle "Corr 2008"]
[Source "ChessBase"]
[SourceDate "2008.06.24"]
[SourceVersion "1"]
[SourceVersionDate "2008.06.24"]
[SourceQuality "1"]

1. d4 d5 2. Nf3 Bf5 3. c4 e6 4. Nc3 Bb4 5. Qa4+ Nc6 6. e3 a6 7. a3 Bxc3+ 8. bxc3 dxc4 9. Qxc4 Nf6 10. Be2 0-0 11. 0-0 Qd5 12. Qxd5 exd5 13. c4 dxc4 14. Bxc4 Rfe8 15. Bb2 Rad8 16. Rfc1 Be4 17. Nd2 Bd5 18. Bxd5 Nxd5 19. Rab1 f5 20. h4 Rd6 21. Kf1 Nd8 22. Nf3 Rde6 23. a4 g6 24. Ba3 Re4 25. Rb3 b6 26. g3 Nf7 27. Ne1 R4e6 28. Nd3 Nd6 29. Nf4 Nxf4 30. gxf4 Ne4 31. Rb2 Rc8 32. Rbc2 c5 33. dxc5 bxc5 34. f3 Nf6 35. Rxc5 Rxc5 36. Bxc5 Nd5 37. Kf2 Rc6 38. Ke2 Rc8 39. Kd3 a5 40. Rc4 Kf7 41. Rc2 Ke6 42. Kd2 Rd8 1/2-1/2

[Event "IECC CL3-2000.31"]
[Site "IECC email"]
[Date "2000.05.26"]
[Round "?"]
[White "Plinke, Robert Wayne"]
[Black "Hoefer, Hans Peter"]
[Result "0-1"]
[WhiteElo "1827"]
[BlackElo "1953"]
[PlyCount "73"]
[EventDate "2000.??.??"]
[EventType "tourn (corr)"]
[EventRounds "4"]
[SourceTitle "Corr 2008"]
[Source "ChessBase"]
[SourceDate "2008.06.24"]
[SourceVersion "1"]
[SourceVersionDate "2008.06.24"]
[SourceQuality "1"]

1. d4 f5 2. Nc3 Nf6 3. Bg5 d5 4. f3 c6 5. e4 fxe4 6. fxe4 dxe4 7. Bc4 Bg4 8. Nge2 b5 9. Bb3 b4 10. Na4 Qa5 11. Nc5 Nbd7 12. Bxf6 Nxc5 13. Be5 Nd7 14. Bg3 Rd8 15. 0-0 Nf6 16. a3 bxa3 17. Rxa3 Qb6 18. Be5 e6 19. Ra2 Bd6 20. Bxf6 gxf6 21. Bc4 Bxe2 22. Bxe2 Be5 23. Bh5+ Ke7 24. Qe2 Qxd4+ 25. Kh1 Bb8 26. b3 f5 27. g3 Rd7 28. Ra4 Qd2 29. Qc4 Qh6 30. g4 Qd2 31. Qc5+ Kd8 32. Qg1 Rg8 33. Rc4 e3 34. h3 e2 35. Re1 Be5 36. Rxc6 Qxe1 37. Qxe1 0-1

[Event "IECC CL3-2000.31"]
[Site "IECC email"]
[Date "2000.05.26"]
[Round "?"]
[White "Sveinsson, Jon Arni"]
[Black "Plinke, Robert Wayne"]
[Result "1-0"]
[WhiteElo "1861"]
[BlackElo "1852"]
[PlyCount "95"]
[EventDate "2000.??.??"]
[EventType "tourn (corr)"]
[EventRounds "4"]
[SourceTitle "Corr 2008"]
[Source "ChessBase"]
[SourceDate "2008.06.24"]
[SourceVersion "1"]
[SourceVersionDate "2008.06.24"]
[SourceQuality "1"]

1. d4 d6 2. c4 e5 3. Nf3 e4 4. Ng5 f5 5. Nh3 c6 6. Nc3 Na6 7. d5 Nf6 8. e3 g6 9. b3 Bg7 10. Bb2 0-0 11. Qd2 Ng4 12. dxc6 bxc6 13. Na4 Bxb2 14. Nxb2 Nc5 15. Be2 a5 16. 0-0 Qf6 17. Rad1 Rd8 18. Bxg4 fxg4 19. Nf4 Ra7 20. Qd4 Rf7 21. Qxf6 Rxf6 22. Rd2 h5 23. Rfd1 h4 24. Ne2 Rdf8 25. Nc3 Ba6 26. Rxd6 g5 27. Rxf6 Rxf6 28. Nba4 Nxa4 29. Nxa4 Bc8 30. Nc5 Bf5 31. Rd4 g3 32. hxg3 hxg3 33. fxg3 g4 34. Nb7 Kg7 35. Nxa5 Kg6 36. a4 Kg5 37. Nb7 Rf7 38. Nc5 Re7 39. a5 Re5 40. b4 Re8 41. b5 cxb5 42. cxb5 Re5 43. Rc4 Rd5 44. a6 Rd1+ 45. Kh2 Rd8 46. b6 Rh8+ 47. Kg1 Bc8 48. a7 1-0

[Event "IECG FI.2000.0.00005 Jim Krepp mem III"]
[Site "IECG email"]
[Date "2000.04.01"]
[Round "?"]
[White "Plinke, Robert Wayne"]
[Black "Gosme, Emile"]
[Result "1-0"]
[WhiteElo "1762"]
[BlackElo "1671"]
[PlyCount "93"]
[EventDate "2000.04.01"]
[EventType "tourn (corr)"]
[EventRounds "14"]
[SourceTitle "Corr 2008"]
[Source "ChessBase"]
[SourceDate "2008.06.24"]
[SourceVersion "1"]
[SourceVersionDate "2008.06.24"]
[SourceQuality "1"]

1. d4 e5 2. e4 exd4 3. Nf3 Bb4+ 4. c3 dxc3 5. Nxc3 d6 6. Bc4 Bxc3+ 7. bxc3 Nf6 8. e5 Qe7 9. Ba3 0-0 10. 0-0 Ne8 11. Re1 Qd8 12. Bd5 Nd7 13. Bb3 Nb6 14. c4 Bg4 15. h3 Bxf3 16. Qxf3 c5 17. Qxb7 Rb8 18. Qe4 Nd7 19. exd6 Nxd6 20. Qf4 Nb7 21. Rad1 Qf6 22. Bc1 Qc6 23. Bb2 Nf6 24. Re3 Nh5 25. Qg5 Qg6 26. Qxg6 fxg6 27. Re7 Rf7 28. Rdd7 Rxe7 29. Rxe7 Kf8 30. Rc7 Na5 31. Ba3 Nxb3 32. axb3 a5 33. Rxc5 Rxb3 34. Rxa5+ Ke8 35. Bd6 Kd7 36. c5 Rc3 37. Ra7+ Kc6 38. Rc7+ Kd5 39. Re7 Kc6 40. Kf1 g5 41. Ke2 Rc2+ 42. Kf3 h6 43. g4 Nf6 44. Rxg7 Rc3+ 45. Kg2 Rc2 46. Rg6 Ne4 47. Bf4+ 1-0